000 00322nam a2200121Ia 4500
008 240624s9999 xx 000 0 und d
041 _aeng
082 _a332.024 PFA
100 _aPIGNATARO PAUL
245 _aHOW MUCH CAN I SPEND IN RETIREMENT A GUI
260 _c2017
_aVirginia
_bRetirement Research Media
365 _cRS
999 _c30747
_d30747